000 02254nam a2200313 a 4500
003 DO-SdBNP
005 20250217092805.0
007 ta
008 091012s1991 dr 000 0 spa d
040 _aDO-SdBNP
_bspa
_cBNPHU
082 _a248.25
_bJ91c
100 1 _aJuanes, Benigno
_d1916-2009
_9442
245 1 0 _aComponentes básicos de la renovación /
_cBenigno Juanes ; presentación Moseñor Ramón de la Rosa y Carpio.
250 _a2a. ed.
260 _aSanto Domingo :
_bRenovación Carismática Católica,
_bAmigo del Hogar,
_c1991
300 _a326 p. ;
_c22 cm.
490 _aTorrentes ;
_v2
500 _aGuía para la renovación Carismática Católica
500 _aNicolás de Js. López Rodríguez arzobispo metropolitano de Santo Domingo Primada de América, acesor nacional de la Renovación Cristiana en el Espíritu Santo.
505 0 _a¿Qué esla renovación carismática? --
_tElementos carismáticos de la Renovación Cristiana en el Espíritu Santo --
_tEl Bautismo (o fusión) en el Espíritu Santo --
_tEfectos del bautismo en el Esporítu Santo y seguimiento --
_tLos carismas --
_tCarísmas más frecuentes en los grupos de oración --
_tEl grupo de oración a la luz de las primitivas comunidades cristianas --
_t¿Por qué y para qué se reúnen los grupos de oración? --
_tEl "Ser Intimo" de los grupos de oración --
_tLíneas de fuerza de los grupos de oración --
_tObjetivos concretos de los grupos de oración --
_tObstáculos a la eficacia de la acción del Señor en el grupo de oración --
_tDificultades y problemas de la vida de los grupos de oración : la actuación del servidor --
_tPreparación para los grupos de oración --
_tFrutos de los grupos de oración --
_tLa evangelización como fruto de los grupos de oración --
_tEl compromiso social como fruto de los grupos de oración --
_tEl amor y la opción preferencial por los pobres como fruto de los grupos de oración --
_tApéndice.
590 _aInventariado, 2018/BT
650 4 _aMovimiento carismático
_9666
650 4 _aEvangelización
_9476
650 4 _aGrupos de oración
_926144
700 1 2 _aRosa y Carpio, Ramón de la
_92173
830 0 _aTorrentes ;
_n2
_926145
910 _aLopérez. Validado. Control de calidad. MFF
942 _2ddc
_cLBS1
999 _c51274
_d51274